000 00254nam a22000977a 4500
999 _c11629
_d11629
008 190921b ||||| |||| 00| 0 eng d
020 _a9780143118237
100 _aMortenson Stones
_97332
245 _aStones into Schools
260 _aUSA
_bPenguin Books
_c2009